000 01218nac a22003857a 4500
001 BR0505314
003 BR-BrBNA
005 20240105123232.0
008 230509b bl.|||m| |||| 00| 0 por d
040 _aBR-BrBNA
_bpor
_cBiblioteca Nacional de Agricultura
072 _aP31; P32
090 _aP31 BR0505314
100 1 _aReatto, A.
100 1 _aMartins, E. de S.
100 1 _aFarias, M.F.R.
100 1 _aSilva, A.V. da
100 1 _aCarvalho Junior, O.A. de
110 1 _aEMBRAPA Cerrados, Planaltina, DF (Brasil)
245 1 _aMapa pedológico digital - SIG atualização do Distrito Federal escala 1:100.000 e uma síntese do texto explicativo
260 3 _aPlanaltina , DF (Brasil):
_c2004.
300 _a31p.
490 _aDocumentos - EMBRAPA Cerrados (Brazil)
_vno. 120
_xISSN 1517-5111
500 _aSummary (En)6 ref.
650 _aMAPA
650 _aRECONHECIMENTO DO SOLO
650 _aCLASSIFICAÇÃO DO SOLO
650 _aSOLO HIDROMÓRFICO
650 _aLATOSSOLO
650 _aSOLO ALUVIAL
650 _aSOLO ARGILOSO
650 _aSISTEMA DE INFORMAÇÃO
650 _aDISTRITO FEDERAL
909 _a202312
_bLúcia Elande
_c55
_dLúcia Elande
942 _2AGRIS
_n0
_cMS
999 _c294566
_d294566